000 00497pab a2200169 454500
008 180718b2003 xxu||||| |||| 00| 0 eng d
100 _aSinha, Sanjay
245 _aMicrofinance and the poverty of financial services: a perspective from Indian experience
260 _c2003
300 _ap.301-18.
362 _aJul-Dec
650 _aFinancial institutions - India
650 _aFinancial institutions
700 _aPatole, Meenal
773 _aSouth Asian Economic Journal
909 _a59083
999 _c59083
_d59083